| 000 | 00705nam a2200229 a 4500 | ||
|---|---|---|---|
| 001 | 000041488 | ||
| 005 | 20201002034932.0 | ||
| 008 | 131008s1965 sp 000 f spa d | ||
| 040 |
_aDO-SdBNP _bspa _cBNPHU |
||
| 082 |
_a863.44 _bK96d |
||
| 100 | 1 |
_aKurz, Carmen _d1911-1999 _968180 |
|
| 245 | 1 | 3 |
_aEl desconocido / _cCarmen Kurz. |
| 250 | _a4a. ed. | ||
| 260 |
_aBarcelona : _bPlaneta, _c1965. |
||
| 300 |
_a325 p. ; _c18 cm. |
||
| 490 | 1 | _aAutores españoles contemporáneos | |
| 586 | _aPremio editorial Planeta 1956 | ||
| 650 | 4 |
_aNovela española _91123 |
|
| 650 | 4 |
_aLiteratura española _9632 |
|
| 830 | 0 |
_aAutores españoles contemporáneos _94154 |
|
| 910 | _aValidado. Control de calidad MFF | ||
| 999 |
_c40978 _d40978 |
||